Система автоматического и ручного управления промышленными механизмами, отрабатывающими линейные перемещения с остановками во многих точках пути: доклад на Межвузовской научной конференции по автоматизации и механизации производственных процессов в машиностроении (Февраль, 1961г.); Известия вузов. Машиностроение; № 3

Bibliografische gegevens
Parent link:Известия вузов. Машиностроение.— , 1958-2008, 2011-2013.— 0536-1044
№ 3.— 1962.— С. 101-109
Hoofdauteur: Авраамов И. С.
Andere auteurs: Инешин А. П., Зайцев А. И. Александр Иванович
Taal:Russisch
Gepubliceerd in: 1962
Onderwerpen:
Formaat: MixedMaterials Hoofdstuk
KOHA link:https://koha.lib.tpu.ru/cgi-bin/koha/opac-detail.pl?biblionumber=576230

MARC

LEADER 00000naa2a2200000 4500
001 576230
005 20231101130233.0
035 |a (RuTPU)RU\TPU\prd\275305 
035 |a RU\TPU\tpu\6721 
090 |a 576230 
100 |a 20180214a1962 k y0rusy50 ca 
101 0 |a rus 
102 |a RU 
200 1 |a Система автоматического и ручного управления промышленными механизмами, отрабатывающими линейные перемещения с остановками во многих точках пути  |e доклад на Межвузовской научной конференции по автоматизации и механизации производственных процессов в машиностроении (Февраль, 1961г.)  |f И. С. Авраамов, А. П. Инешин, А. И. Зайцев 
461 |0 (RuTPU)RU\TPU\prd\188  |x 0536-1044  |t Известия вузов. Машиностроение  |d 1958-2008, 2011-2013 
463 |0 (RuTPU)RU\TPU\prd\124397  |t № 3  |v С. 101-109  |d 1962 
610 1 |a системы управления 
610 1 |a ручное управление 
610 1 |a автоматическое управление 
610 1 |a промышленные механизмы 
610 1 |a линейные перемещения 
610 1 |a труды учёных ТПУ 
700 1 |a Авраамов  |b И. С. 
701 1 |a Инешин  |b А. П. 
701 1 |a Зайцев  |b А. И.  |c российский ученый, специалист в области энергетики  |c профессор Томского политехнического института  |f 1923-  |g Александр Иванович  |2 stltpush  |3 (RuTPU)RU\TPU\pers\19789 
801 0 |a RU  |b 63413507  |c 20011210  |g PSBO 
801 2 |a RU  |b 63413507  |c 20220301  |g PSBO 
942 |c BK